000 00859nam a2200265 a 4500
008
020 _a0821334476 (pbk.)
049 _aMAIN
090 _aHD3850
_bDON
100 1 _aDonaldson, David J.
245 1 0 _aPrivatization :
_bprinciples and practice /
_cDavid Donaldson, Dileep M. Wagle.
260 _aWashington, D.C. :
_bWorld Bank,
_cc1995.
300 _a86 p. ;
_c28 cm.
440 0 _aIFC lessons of experience series ;
_v1
504 _aIncludes bibliographical references.
650 0 _aPrivatization.
650 0 _aPrivatization
_zEurope, Eastern
_xCase studies.
650 0 _aPrivatization
_zDeveloping countries
_xCase studies.
700 1 _aWagle, Dileep M.
907 _a.b10031273
_b07-05-12
_c17-04-03
003
005 20230123133150.0
040 _cNUST
942 _cBOOKS
_kHD3850
_mDON
999 _c143875
_d143875